000 00486nam a2200181Ia 4500
001 18560
005 20260306171639.0
008 260306s9999||||xx |||||||||||||| ||und||
041 _aESP
082 _a658.408
_bS29 2012
100 _aSchwalb, MarĂ­a Matilde
_eAUT
245 0 _aResponsabilidad social:
_bfundamentos para la competitividad empresarial y el desarrollo sostenible
260 _c2012
300 _a
_c
650 _aGEN
654 _aCAN
942 _cLIB
_dJUS
_fJUS
_2ddc
_n
999 _c18560
_d18560